000 01871cam a2200481 a 4500
003 PE-LiUPU
005 20250731172853.0
008 120810s2013 vaua b 000 0 eng
019 _a870284970
020 _a1566994284
020 _a9781566994286
035 _a(Sirsi) i9781566994286
040 _aDLC
_beng
_cDLC
_dCDX
_dOCLCF
_dYDXCP
_dBTCTA
_dBDX
_dOCLCQ
_dPE-LiUPU
_erda
049 _aPRUA
082 0 0 _a251
_bC31
_223
100 1 _aCarrell, Lori J.,
_eautor.
245 1 0 _aPreaching that matters :
_bReflective practices for transforming sermons /
_cLori J. Carrell.
264 _aHerndon, VA :
_bAlban,
_c2013.
300 _axxii, 242 páginas :
_bilustraciones ;
_c26 centímetros.
336 _atext
_btxt
_2rdacontent
337 _aunmediated
_bn
_2rdamedia
338 _avolume
_bnc
_2rdacarrier
504 _aBibliografía : página 237-242.
505 0 _aAffirming that preaching matters -- Embracing a sermon communication perspective -- Transforming, not informing -- Exegeting, then organizing -- Going deeper, not wider -- Delivering, not decorating -- Loving your language -- Listening to your listeners -- Planning for continued transformation.
526 _aSEG42
526 _aSEG41
526 _aSEG40
526 _aSEG39
526 _aP94
526 _aP87
526 _aP86
526 _aP85
526 _aP77
526 _aP76
526 _aP35
650 0 _aPredicación.
942 _2ddc
_cBOOK
949 _a251 C31
_wDEWEY
_c1
_i73728
_lCCODEBUL1
_mBUL
_p3.30
_r0
_sY
_tBOOK
_u2016-6-16
_xTEOLOGIA
_PP35
_0COMPRA
_o.STAFF. Colección General
994 _aC0
_bPEPRU
596 _a1
999 _a251 C31
_wDEWEY
_c9999
_i73728
_f2021-11-10
_g5
_lCCODEBUL1
_mBUL
_p3.30
_r0
_sY
_tBOOK
_u2016-6-16
_xTEOLOGIA
_PP35
_0COMPRA
_o.STAFF. Colección General
_d9999
980 _81
_gALBERTO SANCHEZ Responsable de Automatización